00696nam a2200205 a 4500001001000000003000500010005001700015008004100032010001100073011001100084040000900095100003600104245016700140260003700307300001000344502004600354650002800400650002900428650003300457000109742CHAP20220329144102.0140523s2014 mx |rm |0|||||spa d a106204 a107176 cCHAP1 aVargas Galicia, Artemio Jovanny10aEvaluación de la suplementación de un probiótico comercial sobre el comportamiento productivo de cerdas y sus camadas /cpor Artemio Jovanny Vargas Galicia. aCocula, Gro. :bEl autor,c2014. a63 h. aTesis (Ing. Agr. Zootecnista) -- CSAEGRO.14aCerdosxAlimentación.14aGanado porcinoxDestete.14aGanado porcinoxNutrición.